Discretionary powers of the governor: constitutional vision and observed realities (Record no. 116199)

000 -LEADER
fixed length control field 01510pab a2200181 454500
008 - FIXED-LENGTH DATA ELEMENTS--GENERAL INFORMATION
fixed length control field 180718b2017 xxu||||| |||| 00| 0 eng d
100 ## - MAIN ENTRY--PERSONAL NAME
Personal name Shashi Bhushan Kumar
245 ## - TITLE STATEMENT
Title Discretionary powers of the governor: constitutional vision and observed realities
260 ## - PUBLICATION, DISTRIBUTION, ETC.
Date of publication, distribution, etc. 2017
300 ## - PHYSICAL DESCRIPTION
Extent p.402-417.
362 ## - DATES OF PUBLICATION AND/OR SEQUENTIAL DESIGNATION
Dates of publication and/or sequential designation Sep
520 ## - SUMMARY, ETC.
Summary, etc. Right from the adoption of the Indian Constitution a hot debate is going on regarding discretionary power of governors. The Office of the Governor, not being an elected constitutional functionary, has been in the eye of a storm. Our Constitution makers wanted a governor who would act as a friend and sagacious advisor of the Council of Ministers. He should be a person who is expected to be above party and politics. But very soon these pious hopes were shattered. Arguments and counter-arguments started generating more heat but less light after 1967 because most of the state legislatures were captured by the non-Congress parties. The governors came to be seen or suspected as the agents of the union government. The present article is a brief narration of governorメs discretionary powers as our founding fathers hoped and how governors have actually behaved with such powers just to please the leadership of the party in power at the centre contrary to the vision of the makers. - Reproduce
650 ## - SUBJECT ADDED ENTRY--TOPICAL TERM
Topical term or geographic name entry element Discretionary power - India
650 ## - SUBJECT ADDED ENTRY--TOPICAL TERM
Topical term or geographic name entry element Governors - India
650 ## - SUBJECT ADDED ENTRY--TOPICAL TERM
Topical term or geographic name entry element Governors
773 ## - HOST ITEM ENTRY
Main entry heading Indian Journal of Public Administration
909 ## -
-- 116205
Holdings
Withdrawn status Lost status Damaged status Not for loan Permanent Location Current Location Date acquired Serial Enumeration / chronology Barcode Date last seen Price effective from Koha item type
        Indian Institute of Public Administration Indian Institute of Public Administration 2018-07-19 Volume no: 63, Issue no: 3 AR116665 2018-07-19 2018-07-19 Articles

Powered by Koha